000 00564nam a2200169Ia 4500
008 090122s9999 xx 000 0 und d
082 _b2231
_a891.463
100 _aआपटे
_bहरि
_cनारायण
245 _aगड आला पण सिंह गेला
260 _bआर्यभुषण मुद्रणालय
300 _a138
600 _aआपटे
630 _aगड आला पण सिंह गेला
700 _aआपटे
730 _aगड आला पण सिंह गेला
942 _cBOOK
999 _c26309
_d26309